000 00724nam a22002417i 4500
003 URS
005 20220117120300.0
008 180511b xxu||||| |||| 00| 0 eng d
020 _a9789712725227
040 _erda
_cURS
_beng
050 _aTX724.5
_b.P6 D38 2011
100 _aDaza, Nora V.
245 _aFestive dishes /
_cNora V. Daza, edited by : Michaela Fenix. --
264 1 _aManila :
_bAnvil Publishing,
_c2011.
300 _a201 pages :
_billustrations ;
_c23 cm
336 _atext
_btxt
_2rdacontent
337 _aunmediated
_bn
_2rdamedia
338 _avolume
_bnc
_2rdacarrier
500 _aInclude glossary and index.
650 _aCookery, Philippine.
700 _aFenix, Michaela
_4editor.
942 _2lcc
_cF
999 _c4349
_d4349